Personal Top 100 Movies - Statistics

General Stats
  • This quiz has been taken 54 times
  • The average score is 51 of 100
Answer Stats
Picture Hint Answer % Correct
1994 Forrest Gump
96%
2019 Joker
94%
1999 The Matrix
94%
1989 Batman
92%
1984 Ghostbusters
92%
2002 Spider-Man
92%
1984 The Terminator
92%
1985 Back to the Future
90%
1979 Alien
88%
1980 The Shining
88%
2003 and 2004 Kill Bill
86%
1994 Pulp Fiction
86%
2003 The Lord of the Rings: The Return of the King
86%
2006 Borat
82%
2015 Mad Max: Fury Road
82%
1995 Se7en
82%
1971 A Clockwork Orange
80%
1999 Fight Club
80%
1983 Scarface
80%
1994 The Shawshank Redemption
80%
1991 Terminator 2: Judgment Day
78%
2007 No Country for Old Men
76%
1992 Reservoir Dogs
76%
1987 RoboCop
76%
1968 2001: A Space Odyssey
74%
1993 Groundhog Day
74%
1980 Star Wars: Episode V - The Empire Strikes Back
74%
2019 Parasite
72%
1958 Vertigo
72%
1941 Citizen Kane
70%
1975 Monty Python and the Holy Grail
70%
1963 The Birds
70%
1986 Aliens
68%
1987 Hellraiser
68%
1977 Star Wars: Episode IV - A New Hope
68%
1979 Apocalypse Now
66%
1987 Full Metal Jacket
66%
2004 Shaun of the Dead
66%
1996 Mars Attacks!
62%
2000 Memento
60%
1983 A Christmas Story
58%
1982 Blade Runner
58%
2018 Green Book
58%
2007 Hot Fuzz
58%
2011 Drive
56%
1980 The Elephant Man
54%
2015 The Hateful Eight
54%
2003 The Matrix Reloaded
54%
1964 Dr. Strangelove Or: How I Learned to Stop Worrying and Love the Bomb
52%
1996 Fargo
52%
1998 Fear and Loathing in Las Vegas
52%
1994 Natural Born Killers
52%
2004 Saw
52%
2014 Ex Machina
50%
2009 Watchmen
50%
1996 From Dusk Till Dawn
48%
1979 Life of Brian
48%
1987 Planes, Trains and Automobiles
48%
2016 Split
48%
2021 Babylon
46%
1981 Escape from New York
46%
1927 Metropolis
46%
1994 Ed Wood
42%
1982 The Thing
42%
1987 Evil Dead 2
40%
1998 Lock, Stock & Two Smoking Barrels
36%
2001 Mulholland Drive
36%
2000 Snatch
36%
1985 Come and See
34%
1999 Dogma
34%
2012 Moonrise Kingdom
34%
2001 Scary Movie 2
34%
1992 Army of Darkness
30%
1981 Mad Max 2: The Road Warrior
30%
1983 Once Upon a Time in America
30%
1957 Paths of Glory
28%
1968 Night of the Living Dead
26%
1997 Gattaca
24%
2000 Dancer in the Dark
20%
1992 Glengarry Glen Ross
20%
2007 Planet Terror
20%
1985 Brazil
18%
1966 Persona
18%
1988 They Live
18%
1990 Jacob's Ladder
16%
2011 Carnage
14%
1979 Stalker
14%
1987 Bad Taste
12%
1980 Cannibal Holocaust
12%
2022 The Empire of Light
10%
2011 The Sunset Limited
10%
2009 Triangle
10%
1957 Wild Strawberries / Smultronstället
10%
1997 Lost Highway
8%
1971 THX 1138
8%
1991 High Strung
6%
1998 Six-String Samurai
6%
1982 Koyaanisqatsi
4%
2006 Playing the Victim
4%
1970 Zabriskie Point
4%
No matching quizzes found
Score Distribution
Percent of People with Each Score
Percentile by Number Answered
Your Score History
You have not taken this quiz